Menschliche Bewertung der maschinellen Übersetzung bakalárska práca

Salvato in:
Dettagli Bibliografici
Autore principale: Katonová, Chiara
Ente Autore: Fakulta aplikovaných jazykov EU v Bratislave. Katedra jazykovedy a translatológie
Altri autori: Kalaš, Filip, 1993-
Natura: Libro
Lingua:tedesco
Pubblicazione: Bratislava 2025
Tags: Aggiungi Tag
Nessun Tag, puoi essere il primo ad aggiungerne!!

MARC

LEADER 00000nbm a2200000 4500
001 0308948
005 20260302085722.6
041 0 |a ger 
044 |a SK 
245 1 0 |a Menschliche Bewertung der maschinellen Übersetzung  |b bakalárska práca  |c Chiara Katonová ; školiteľ: Filip Kalaš 
264 1 |a Bratislava  |c 2025 
300 |a 49 s. 
100 1 |a Katonová, Chiara 
700 1 |a Kalaš, Filip, 1993- 
710 2 |a Fakulta aplikovaných jazykov EU v Bratislave. Katedra jazykovedy a translatológie